Chansons par paroles détournées I - Statistiques

Statistiques générales
  • Ce quiz a été pris 6 195 fois
  • Le résultat moyen est 4 sur 10
Statistiques - réponses
Hint Réponse % Correct
Déclencher l'incendie, déclencher l'incendie, et regarder se mouvoir le brasier dans vos mirettes ! Allumer le feu
95%
Sol, cramé, au souffle, des étendues rocailleuses, dans les environs des grands points d'eau, destiné à ceux qui sont en vie... Les lacs du Connemara
87%
Je cause d'une époque que les mineurs sont incapable d'appréhender, lorsque la butte de Paris était en fleurs... La Bohème
78%
Hémorragie sur les guitares, j'ai erré à outrance dans les bureaux de tabac... Quand la musique est bonne
46%
Cela fait un moment que j'attends dans cette pièce à coucher mal éclairée, j'ouis qu'il y a du fun & de la chansonnette à la fin de l'allée... La Corrida
36%
Là d'où je viens les chiens sauvages sont devant l'entrée et peuvent comuniquer avec les personnes jeunes... J'irai où tu iras
27%
A nouveau, mes songes portaient sur cette femme, c'est stupide, ce n'était pas son intention, la beauté de cette femme n'est pas transcendante mais c'est pile ce qu'il me faut ! J'ai encore rêvé d'elle
25%
Dans le cas où tu as vu le jour dans un quartier à loyer modéré, cette ode est pour toi, dans l'espoir qu'à l'arrière de tes fades globes oculaires, tu aies la possibilité d'observer une touffe de pelouse de petite taille L'hymne de nos campagnes
25%
Ouuuuuuh, l'existence saumon, mais seulement les nuances qu'on met à notre disposition, qui ne font qu'éveiller notre appétit pour le reste... Foule sentimentale
7%
En confinement, lorsque j'ai l'occasion d'imaginer, je me figure ton étreinte et je chuchote... La Déclaration d'amour
3%
Aucun quiz correspondant
Distribution des résultats
% des personnes avec chaque résultat
Percentile par nombre de réponses
Votre historique - résultats
Vous n’avez pas pris ce quiz